<?xml version="1.0" encoding="UTF-8"?>
<record
    xmlns:xsi="http://www.w3.org/2001/XMLSchema-instance"
    xsi:schemaLocation="http://www.loc.gov/MARC21/slim http://www.loc.gov/standards/marcxml/schema/MARC21slim.xsd"
    xmlns="http://www.loc.gov/MARC21/slim">

  <leader>00427nam a22001697a 4500</leader>
  <controlfield tag="005">20160622121713.0</controlfield>
  <controlfield tag="008">160622b        xxu||||| |||| 00| 0 eng d</controlfield>
  <datafield tag="020" ind1=" " ind2=" ">
    <subfield code="a">978-81-7758-999-3</subfield>
  </datafield>
  <datafield tag="041" ind1=" " ind2=" ">
    <subfield code="a">eng</subfield>
  </datafield>
  <datafield tag="082" ind1=" " ind2=" ">
    <subfield code="b">9202</subfield>
  </datafield>
  <datafield tag="100" ind1=" " ind2=" ">
    <subfield code="a">Sehiffman, Lean C. and Kanuk, Leslic lazer</subfield>
    <subfield code="9">2499</subfield>
  </datafield>
  <datafield tag="245" ind1=" " ind2=" ">
    <subfield code="a">Consumer Behaviour</subfield>
  </datafield>
  <datafield tag="260" ind1=" " ind2=" ">
    <subfield code="b">Pearson Education Delhi</subfield>
    <subfield code="c">2008</subfield>
  </datafield>
  <datafield tag="300" ind1=" " ind2=" ">
    <subfield code="a">581</subfield>
  </datafield>
  <datafield tag="650" ind1=" " ind2=" ">
    <subfield code="a">Management</subfield>
    <subfield code="9">241</subfield>
  </datafield>
  <datafield tag="942" ind1=" " ind2=" ">
    <subfield code="c">BK</subfield>
  </datafield>
  <datafield tag="999" ind1=" " ind2=" ">
    <subfield code="c">3554</subfield>
    <subfield code="d">3553</subfield>
  </datafield>
  <datafield tag="952" ind1=" " ind2=" ">
    <subfield code="0">0</subfield>
    <subfield code="1">0</subfield>
    <subfield code="4">0</subfield>
    <subfield code="7">0</subfield>
    <subfield code="8">MANAGEMENT</subfield>
    <subfield code="a">JRU</subfield>
    <subfield code="b">JRU</subfield>
    <subfield code="c">SHELF- 66 K</subfield>
    <subfield code="d">2016-06-22</subfield>
    <subfield code="l">2</subfield>
    <subfield code="o">9202</subfield>
    <subfield code="p">9202</subfield>
    <subfield code="r">2019-12-19 00:00:00</subfield>
    <subfield code="s">2019-12-14</subfield>
    <subfield code="w">2016-06-22</subfield>
    <subfield code="y">BK</subfield>
  </datafield>
  <datafield tag="952" ind1=" " ind2=" ">
    <subfield code="0">0</subfield>
    <subfield code="1">0</subfield>
    <subfield code="4">0</subfield>
    <subfield code="7">0</subfield>
    <subfield code="8">MANAGEMENT</subfield>
    <subfield code="a">JRU</subfield>
    <subfield code="b">JRU</subfield>
    <subfield code="c">SHELF- 66 K</subfield>
    <subfield code="d">2016-06-22</subfield>
    <subfield code="l">13</subfield>
    <subfield code="m">4</subfield>
    <subfield code="o">9202</subfield>
    <subfield code="p">9203</subfield>
    <subfield code="r">2024-02-19 13:05:04</subfield>
    <subfield code="s">2024-02-16</subfield>
    <subfield code="w">2016-06-22</subfield>
    <subfield code="y">BK</subfield>
  </datafield>
  <datafield tag="952" ind1=" " ind2=" ">
    <subfield code="0">0</subfield>
    <subfield code="1">0</subfield>
    <subfield code="4">0</subfield>
    <subfield code="7">0</subfield>
    <subfield code="8">MANAGEMENT</subfield>
    <subfield code="a">JRU</subfield>
    <subfield code="b">JRU</subfield>
    <subfield code="c">SHELF- 66 K</subfield>
    <subfield code="d">2016-06-22</subfield>
    <subfield code="l">0</subfield>
    <subfield code="o">9202</subfield>
    <subfield code="p">9204</subfield>
    <subfield code="r">2016-06-22 00:00:00</subfield>
    <subfield code="w">2016-06-22</subfield>
    <subfield code="y">BK</subfield>
  </datafield>
  <datafield tag="952" ind1=" " ind2=" ">
    <subfield code="0">0</subfield>
    <subfield code="1">0</subfield>
    <subfield code="4">0</subfield>
    <subfield code="7">0</subfield>
    <subfield code="8">MANAGEMENT</subfield>
    <subfield code="a">JRU</subfield>
    <subfield code="b">JRU</subfield>
    <subfield code="c">SHELF- 66 K</subfield>
    <subfield code="d">2016-06-22</subfield>
    <subfield code="l">2</subfield>
    <subfield code="o">9202</subfield>
    <subfield code="p">9205</subfield>
    <subfield code="r">2018-12-07 00:00:00</subfield>
    <subfield code="s">2018-12-03</subfield>
    <subfield code="w">2016-06-22</subfield>
    <subfield code="y">BK</subfield>
  </datafield>
  <datafield tag="952" ind1=" " ind2=" ">
    <subfield code="0">0</subfield>
    <subfield code="1">0</subfield>
    <subfield code="4">0</subfield>
    <subfield code="7">0</subfield>
    <subfield code="8">MANAGEMENT</subfield>
    <subfield code="a">JRU</subfield>
    <subfield code="b">JRU</subfield>
    <subfield code="c">SHELF- 66 K</subfield>
    <subfield code="d">2016-06-22</subfield>
    <subfield code="l">3</subfield>
    <subfield code="o">9202</subfield>
    <subfield code="p">9206</subfield>
    <subfield code="r">2019-12-17 00:00:00</subfield>
    <subfield code="s">2019-12-13</subfield>
    <subfield code="w">2016-06-22</subfield>
    <subfield code="y">BK</subfield>
  </datafield>
  <datafield tag="952" ind1=" " ind2=" ">
    <subfield code="0">0</subfield>
    <subfield code="1">0</subfield>
    <subfield code="4">0</subfield>
    <subfield code="7">0</subfield>
    <subfield code="8">MANAGEMENT</subfield>
    <subfield code="a">JRU</subfield>
    <subfield code="b">JRU</subfield>
    <subfield code="c">SHELF- 66 K</subfield>
    <subfield code="d">2016-06-22</subfield>
    <subfield code="l">2</subfield>
    <subfield code="o">9202</subfield>
    <subfield code="p">9207</subfield>
    <subfield code="r">2019-12-17 00:00:00</subfield>
    <subfield code="s">2019-12-13</subfield>
    <subfield code="w">2016-06-22</subfield>
    <subfield code="y">BK</subfield>
  </datafield>
  <datafield tag="952" ind1=" " ind2=" ">
    <subfield code="0">0</subfield>
    <subfield code="1">0</subfield>
    <subfield code="4">0</subfield>
    <subfield code="7">0</subfield>
    <subfield code="8">REF</subfield>
    <subfield code="a">JRU</subfield>
    <subfield code="b">MAIN</subfield>
    <subfield code="c">SHELF-29-J</subfield>
    <subfield code="d">2016-06-22</subfield>
    <subfield code="l">0</subfield>
    <subfield code="o">9202</subfield>
    <subfield code="p">9208</subfield>
    <subfield code="r">2016-06-22 00:00:00</subfield>
    <subfield code="w">2016-06-22</subfield>
    <subfield code="y">BK</subfield>
  </datafield>
</record>
